000234669 001__ 234669
000234669 005__ 20221001000458.0
000234669 0247_ $$2EXP:(Ds200)$$aEXP:(DE-Ds200)E127-20200803
000234669 035__ $$aEXP:(DE-Ds200)E127-20200803
000234669 150__ $$aE127: Measurements of proton-induced reaction rates on radioactive isotopes for the astrophysical p process (POF3-6211; ESR)
000234669 371__ $$aReifarth
000234669 450__ $$0EXP:(DE-Ds200)ESR-20200803$$aESR$$wt
000234669 450__ $$aE127$$wd
000234669 750_7 $$0V:(DE-HGF)12$$2V:(DE-HGF)$$aExperiment
000234669 751_7 $$2DE-HGF$$aIGN_4_I:(DE-H253)HAS-User-20120731 [DESY]
000234669 751_7 $$2DE-HGF$$aIGN_4_DESY [DESY]
000234669 751_7 $$2DE-HGF$$aIGN_4_DKFZ [DKFZ]
000234669 751_7 $$2DE-HGF$$aIGN_4_IMPULSE
000234669 751_7 $$2DE-HGF$$aIGN_4_DZNE [DZNE]
000234669 909CO $$ooai:repository.gsi.de:234669$$pauthority:Experiment$$pauthority
000234669 980__ $$aEXPERIMENT
000234669 980__ $$aAUTHORITY